000 00424nam a2200157 i 4500
001 31422
003 ES-MaACL
005 20230906154357.0
007 t|
008 030129s1954 sp ||||1| spa d
100 1 _aBauer, Olga.
_926559
245 1 0 _aEtiqueta y cortesia modernas /
_cOlga Bauer.
260 _aMadrid :
_bAguilar,
_c[1954]
300 _aXIX, 266 p. :
_bil. ;
_c19 cm.
852 _aES-MaACL
_jC-10633
_bR.36973
999 _c31422
_d31422